Statistics for States that Border Arizona

Click here to take the quiz!

General Stats

  • This quiz has been taken 119 times
    (92 since last reset)
  • The average score is 5 of 5

Answer Stats

Answer% Correct
California
99%
New Mexico
99%
Nevada
96%
Colorado
92%
Utah
89%

Score Distribution

Percentile by Number Answered

Percent of People with Each Score

Your Score History

You have not taken this quiz since the last reset